ARRUPE JESUIT UNIVERSITY

CORONAVIRUS -STOP THE SPREAD - CLEAN,DISINFECT,COVER

Encyclopedia of Zambian names : (Record no. 123942)

MARC details
000 -LEADER
fixed length control field 00726cam a22002415i 4500
001 - CONTROL NUMBER
control field 18289454
003 - CONTROL NUMBER IDENTIFIER
control field ARRUPE
005 - DATE AND TIME OF LATEST TRANSACTION
control field 20160203151515.0
008 - FIXED-LENGTH DATA ELEMENTS--GENERAL INFORMATION
fixed length control field 140904s2013 za 000 0 eng
010 ## - LIBRARY OF CONGRESS CONTROL NUMBER
LC control number 2013439995
020 ## - INTERNATIONAL STANDARD BOOK NUMBER
International Standard Book Number 9789982228398
040 ## - CATALOGING SOURCE
Original cataloging agency DLC
Language of cataloging eng
Transcribing agency DLC
Description conventions rda
042 ## - AUTHENTICATION CODE
Authentication code pcc
050 ## - LIBRARY OF CONGRESS CALL NUMBER
Classification number REF GN468.45E56 2013
300 ## - PHYSICAL DESCRIPTION
Dimensions 25 cm.
100 ## - MAIN ENTRY--PERSONAL NAME
Personal name Chanda Penda (ed.)
9 (RLIN) 21512
245 10 - TITLE STATEMENT
Title Encyclopedia of Zambian names :
Remainder of title reconciling zambian and global worldviews /
Statement of responsibility, etc edited by Chanda Penda.
260 ## - PUBLICATION, DISTRIBUTION, ETC. (IMPRINT)
Place of publication, distribution, etc Lusaka
Name of publisher, distributor, etc Pansulo
Date of publication, distribution, etc 2013
300 ## - PHYSICAL DESCRIPTION
Extent xxii, 466 p. ;
650 ## - SUBJECT ADDED ENTRY--TOPICAL TERM
Topical term or geographic name as entry element Names
Geographic subdivision Zambia
9 (RLIN) 21513
906 ## - LOCAL DATA ELEMENT F, LDF (RLIN)
a 0
b ibc
c origode
d 3
e ncip
f 20
g y-gencatlg
942 ## - ADDED ENTRY ELEMENTS (KOHA)
Source of classification or shelving scheme Library of Congress Classification
Koha item type Monograph ( Printed materials)
Holdings
Withdrawn status Lost status Source of classification or shelving scheme Damaged status Not for loan Collection code Home library Current library Shelving location Date acquired Total Checkouts Full call number Barcode Date last seen Price effective from Koha item type
    Library of Congress Classification     Main Collection ARRUPE LIBRARY ARRUPE LIBRARY Main Collection 18/01/2016   REF GN468.45E56 2013 46500005820 18/01/2016 18/01/2016 Monograph ( Printed materials)

 

Arrupe Library. PO Box MP320 Mt Pleasant, Harare, Zimbabwe
263 242 745411|librarian@aju.ac.zw